Statistiques concernant Pays d'Europe à partir de leur nom allemand

Cliquez ici pour prendre le quiz!

Statistiques générales

  • Ce quiz a été pris 932 fois
  • Le résultat moyen est 42 sur 45

Statistiques - réponses

Nom allemandPays en français% Correct
AlbanienAlbanie
100%
AndorraAndorre
99%
BelgienBelgique
99%
BulgarienBulgarie
99%
DänemarkDanemark
99%
DeutschlandAllemagne
98%
BosnienBosnie-Herzégovine
98%
FinnlandFinlande
98%
ItalienItalie
98%
KroatienCroatie
97%
FrankreichFrance
97%
IrlandIrlande
97%
IslandIslande
97%
KosovoKosovo
97%
LuxemburgLuxembourg
97%
MaltaMalte
97%
MonacoMonaco
97%
PortugalPortugal
97%
SpanienEspagne
96%
LitauenLituanie
96%
MazedonienMacédoine
96%
MoldawienMoldavie
96%
MontenegroMonténégro
96%
NorwegenNorvège
96%
PolenPologne
96%
RumänienRoumanie
96%
RusslandRussie
96%
SerbienSerbie
96%
SlowakeiSlovaquie
96%
UkraineUkraine
96%
SlowenienSlovénie
95%
SchweizSuisse
95%
EstlandEstonie
94%
LettlandLettonie
94%
LiechtensteinLiechtenstein
94%
San MarinoSaint Marin
93%
SchwedenSuède
93%
ÖsterreichAutriche
92%
NiederlandePays-Bas
92%
VatikanstadtVatican
92%
TschechienRepublique tchèque
90%
WeißrusslandBiélorussie
81%
GriechenlandGrèce
81%
UngarnHongrie
76%
Vereinigtes KönigreichRoyaume-Uni
59%

Distribution des résultats

Percentile par nombre de réponses

% des personnes avec chaque résultat

Votre développement - résultats

Vous n’avez pas pris ce quiz